Wymień 11 najmłodszych państw - Statystyki

Ogólne statystyki
  • Ten quiz został rozwiązany 243 razy
    220 od ostatniego zresetowania
  • Średni wynik to 5 z 11
Statystyki odpowiedzi
Hint Odpowiedź % Poprawnych
17 luty 2008r. Kosowo
93%
9 lipiec 2011 r. Sudan Południowy
75%
3 czerwiec 2006 r. Czarnogóra
64%
1 styczeń 1993 r. Słowacja
53%
1 marzec 1992 r. Bośnia i Hercegowina
52%
1 styczeń 1993 r. Czechy
52%
20 maja 2002 r. Timor Wschodni
42%
16 grudnia 1991 r. Kazachstan
35%
27 października 1991 r. Turkmenistan
28%
24 maja 1993 r. Erytrea
19%
1 październik 1994 r. Palau
18%
Nie znaleziono quizów pasujących do podanych kryteriów
Rozkład punktacji
Procent ludzi z każdym wynikiem
Percentyl według liczby udzielonych odpowiedzi
Twoja historia wyników
Nie rozwiązałeś tego quizu od ostatniego zresetowania